| 000 | 00677nam a22001937a 4500 | ||
|---|---|---|---|
| 003 | BD-DhUL | ||
| 005 | 20180307091048.0 | ||
| 008 | 180307s1984 bg ||||| |||| 00| 0 ben d | ||
| 040 |
_aBD-DhUL _cBD-DhUL |
||
| 082 |
_a891.443 _bAJI |
||
| 100 | 1 | _aভট্টাচার্য, অজয় | |
| 245 | 0 | 0 |
_aইতিহাসের ছেড়াঁ পাতা / _cঅজয় ভট্টাচার্য |
| 260 |
_aঢাকা : _bমুক্তধারা, _c১৯৮৪। |
||
| 300 |
_a১৮৬ পৃ. ; _c২১ সেমি. |
||
| 365 |
_aBDT _b30.00 |
||
| 650 | 4 | _aবাংলা উপন্যাস | |
| 650 | 4 | _aBengali fiction | |
| 942 |
_2ddc _cBK |
||
| 999 |
_c238964 _d238964 |
||